|
|
|
|
| LEADER |
00802nta a2200217 i 4500 |
| 001 |
dokt7117 |
| 005 |
20220318125239.0 |
| 008 |
220318s1998 hu om 0|| eng d |
| 040 |
|
|
|a SZTE Doktori Repozitórium
|b hun
|
| 041 |
|
|
|a eng
|
| 100 |
1 |
|
|a Lelkes Zoltán
|
| 245 |
1 |
0 |
|a Effects of antidepressants on sleep in rats
|h [elektronikus dokumentum] /
|c Lelkes Zoltán
|
| 260 |
|
|
|c 1998
|
| 502 |
|
|
|a Disszertacio
|
| 650 |
|
4 |
|a elméleti orvostudományok
|
| 650 |
|
4 |
|a Orvos- és egészségtudomány
|
| 650 |
|
4 |
|a Klinikai orvostan
|
| 695 |
|
|
|a Élettan
|
| 700 |
1 |
|
|a nincs megadva
|e ths
|
| 856 |
4 |
0 |
|u https://doktori.bibl.u-szeged.hu/id/eprint/7117/1/1998_lelkes_zoltan.pdf
|z Dokumentum-elérés
|
| 856 |
4 |
0 |
|u https://doktori.bibl.u-szeged.hu/id/eprint/7117/2/1998_lelkes_zoltan_publikaciok.pdf
|z Dokumentum-elérés
|